| 000 | 00731nam a2200241Ia 4500 | ||
|---|---|---|---|
| 003 | OSt | ||
| 005 | 20220924113058.0 | ||
| 006 | a|||||r|||| 00| 0 | ||
| 007 | ta | ||
| 008 | 220923b |||||||| |||| 00| 0 eng d | ||
| 024 | _a56554 | ||
| 037 | _cDictionary | ||
| 040 |
_aARTS _cARTS _beng |
||
| 041 |
_2eng _aeng |
||
| 082 | _aP15:C4x1, E1.1-.2 (Q4) | ||
| 100 |
_aAmarsingha ed _9169427 |
||
| 245 | 0 |
_aAmarkosah _b a metrical dictionary of the sanskrit language with Tibetan version ed by Satis Chandra |
|
| 260 | _c1911 | ||
| 490 | _aBibliotheca Indiaca , New series ISSN 1294-1333 | ||
| 650 | _aLINGUISTICS | ||
| 942 |
_hP15:C4x1, E1.1-.2 (Q4) _cdic _2cc |
||
| 999 |
_c389164 _d389164 |
||